=LDR 00000nam 2200000 4500 =001 INLIS000000000011012 =005 20130612102623 =008 ***********************************Ind** =035 ##$$0010-061300000011012 =041 ##$$a Ind =082 ##$$a 668.6 =090 ##$$a 668.6 16 Har - p =100 ##$$a Hartomo Anton j =245 ##$$a Polimer mutakhir, Anton J.Hartomo =260 ##$$a 1996 $b Yogyakarta =300 ##$$a XI, 227 hlm, ilus, 24 cm =650 ##$$a polimer dan polimerisasi =850 ##$$a NBPNMAT